| 000 | 01299ngm a22003250a 4500 | ||
|---|---|---|---|
| 001 | PT16534 | ||
| 003 | AR-LpoUNG | ||
| 005 | 20210202000207.0 | ||
| 007 | vd cvaizq | ||
| 008 | 191001s2001||||ag |||||||||||||||||spa d | ||
| 037 | _c$8.30 | ||
| 040 |
_aAR-LpoUNG _bspa _cAR-LpoUNG _eaacr |
||
| 041 | _aspa | ||
| 044 | _aag | ||
| 082 | 0 | _a909 532V4 | |
| 245 | 1 | 0 |
_aAlejandro Magno : _bel helenismo |
| 260 |
_aBuenos Aires : _bKalender Video Argentina, _c2001. |
||
| 300 | _aVHS (56 min.) : son., byn, col. | ||
| 520 | _aLa edad de Oro de Pericles marcó el punto más alto de la civilización mediterránea en Grecia, hasta el inevitable enfrentamiento con los Persas y el comienzo del proceso de decadencia con la aparición en escena del hijo de Macedonia, Alejandro, al que llamaron El Magno, joven conquistador de inmensas y leganos territorios. El segundo segmento de este volúmen trata el resurgimiento de Grecia, ocacionado por las admirables conquistas de Alejandro, en un período conocido como El Helenismo. | ||
| 650 | 4 | _aCULTURA | |
| 650 | 4 | _aGRECIA | |
| 650 | 4 | _aHISTORIA SOCIAL | |
| 650 | 4 | _aPOLITICA | |
| 650 | 4 | _aSOCIEDAD | |
| 653 | _aVIDEOS | ||
| 653 | _aVIDEOS DIDACTICOS | ||
| 710 | 2 | _aMetropolitan Museum of Art (New York) | |
| 905 | _a16534 | ||
| 942 | _cVIDEO | ||
| 999 |
_c54315 _d54315 |
||